000 01173nam a2200325 i 4500
003 EG-GICUC
005 20260121101200.0
008 251109s1998 ua ||||f |||| 00| 0 ara d
017 _a1991/4553
020 _a9770406961
040 _a EG-GICUC
_bara
_c EG-GICUC
_d EG-GICUC
_erda
041 _aara
082 0 4 _221
_a345
_bص ا . م
092 0 4 _221
099 _aLaw1 07 345 ص ا . م 1998
100 0 _aصلاح الدين فوزي
_eمؤلف.
245 _aالمبادئ العامة غير المكتوبة في القانون الإداري :
_bدراسة المقارنة /
_cدكتور صلاح الدين فوزي
264 _aالقاهرة :
_bدار النهضة العربية ,
_c1998.
300 _a255 صفحة
_c24 سم
336 _2rda content
_atext
337 _2rda media
_aComputer
338 _2rda carrier
_aOnline Resource
500 _aيشتمل علي ارجاعات ببليوجرافية
546 _aالنص باللغة العربية
650 1 _aالقانون الإداري
_2qrmak
651 1 _2qrmak
856 4 0 _uhttps://fll.law.cu.edu.eg/fulltext/bks/B07-00641.pdf
905 _a74
942 _2ddc
_n0
_cBK
_e21
999 _c41935
_d41935